000 00958nam a22002297a 4500
008 110605s2008 enk|||||r|||| 000 j eng d
020 _a1405865296
020 _a9781405865296
082 _222
_a428.6
_bTOL
100 _910543
_aTolstoy, Leo,
_cgraf,
_d1828-1910.
245 _aAnna Karenina /
_cLeo Tolstoy; Translated by Rosemary Edmonds; Retold by Anna Collins
260 _aHarlow :
_bPearson Education, 2008.
_c2008
300 _a107 p. ;
_c20 cm.
490 _95756
_aPenguin readers ;
_nLevel 6
521 _aC1: Advanced
651 _924606
_aRussia
_vFiction.
_xSocial conditions
_y1801-1917
653 _bENG
_cJune2011
700 _924605
_aEdmonds, Rosemary
_etrl
700 _912524
_aAbrams, Anne Collins.
_enrt
942 _2ddc
_cBB
999 _c15525
_d15525